| 000 | 00837nam a22002177a 4500 | ||
|---|---|---|---|
| 003 | OSt | ||
| 005 | 20180922152743.0 | ||
| 008 | 180307b xxu||||| |||| 00| 0 spa d | ||
| 020 | _a950200454X | ||
| 040 | _cPJ | ||
| 100 |
_92236 _aDi Filippo, María Isabel |
||
| 245 | 1 | 0 |
_aTiempo compartido : _bun condominio especial / |
| 260 |
_aBuenos Aires : _bAbeledo-Perrot, _c1987. |
||
| 300 |
_a206 p. _c23 cm. |
||
| 504 | _aBibliografía: p. 203-204. | ||
| 505 | _aContenido: Introducción -- La realidad negocial - precisiones técnicas -- Soluciones extranjeras -- Aportes de solución en nuestro país. Críticas -- Nuestra tesis. El tiempo compartido como condominio especial. | ||
| 650 | 0 |
_9352 _aDERECHO CIVIL |
|
| 650 | 0 |
_91821 _aDERECHOS REALES |
|
| 650 | 0 |
_92237 _aTIEMPO COMPARTIDO |
|
| 942 |
_2udc _cLIB _h347.238.3 _iDIF |
||
| 999 |
_c1488 _d1488 |
||